000
00266nam a22001217a 4500
008
171129b xxu||||| |||| 00| 0 eng d
041
_a
eng
080
_a
573
100
_a
11
101
_a
BIO
245
_a
NON-FLOWERING PLANTS
_c
SHUTTLEWORTH,F.S
942
_2
udc
_c
BK
999
_c
38617
_d
38617